00000000nam 2200000zi 4500
0019.925309
003CaOODSP
00520250128141112
006m     o  d f      
007cr |n|||||||||
008230719e199502##nfcdab  ob   f|0| 0 eng d
040 |aCaOODSP|beng|erda|cCaOODSP
043 |an-cn-nf
0861 |aEn14-520/1995E-PDF
1001 |aGale, John Edward,|d1944- |eauthor.
24510|aAssessing the effectiveness of fracture stimulation for increasing well yield in Newfoundland / |cprepared by John E. Gale and Robert MacLeod, Fracflow Consultants Inc.
264 1|aSt John's, Newfoundland : |bEnvironment Canada, Environmental Conservation Branch, Environmental Conservation, Strategies Division, |bGovernment of Newfoundland and Labrador, Department of Environment, Water Resources Division, |cFebruary 1995.
300 |a1 online resource ((1 volume (various pagings)) : |bcharts, illustrations, maps
336 |atext|btxt|2rdacontent
337 |acomputer|bc|2rdamedia
338 |aonline resource|bcr|2rdacarrier
500 |aDigitized edition from print [produced by Environment and Climate Change Canada].
500 |aAt head of title: Canada-Newfoundland Agreement Respecting Water Resource Management.
504 |aIncludes bibliographical references.
520 |a"The objective of this study was to assess the technical and economic feasibility of using the hydraulic well stimulation technique to increase the well yield from low yielding water wells completed in fractured bedrock at selected sites in Newfoundland. This study was designed to provide information on the degree of success of well stimulation for selected hydrogeological areas of the province"--Objectives and Scope.
650 0|aHydraulic fracturing|zNewfoundland and Labrador.
650 0|aGroundwater|zNewfoundland and Labrador.
650 6|aFracturation hydraulique|zTerre-Neuve-et-Labrador.
650 6|aEau souterraine|zTerre-Neuve-et-Labrador.
7101 |aCanada. |bEnvironment Canada. |bEnvironmental Conservation Branch, |eissuing body.
7101 |aNewfoundland. |bWater Resources Division, |eissuing body.
7101 |aFracflow Consultants Inc., |econsultant.
85640|qPDF|s52.40 MB|uhttps://publications.gc.ca/collections/collection_2025/eccc/En14-520-1995-eng.pdf